000 01661nam0a2200349 4500
001 RU\NLR\bibl\1399912
005 20250615203816.0
010 _a978-5-9736-0125-6
_9600
021 _aRU
_b2009-45248
_92752
035 _a(NLR Aleph) 001391923
090 _a1167675
_c1167675
100 _a20090811d2009 |||y0rusy50 ca
101 0 _arus
102 _aRU
105 _aa |||||||||
200 1 _aНеправительственные участники сотрудничества Восточной Азии: вклад в развитие регионализации и региональной идентичности: монография
_eмонография
_fС.В. Севастьянов
_gМ-во образования и науки Рос. Федерации, Федерал. агентство по образованию РФ, Владивост. гос. ун-т экономики и сервиса
210 _aВладивосток
_cИзд-во ВГУЭС
_d2009
215 _a210, [1] с.
_cил.
_d21
320 _aБиблиогр.: с. 191-205 и в подстроч. прим.
606 1 _aРегионализм
_yВосточноазиатские страны
_92499965
_3RU\NLR\auth\661482792
606 1 _aИдентичность региональная
_92508196
_3RU\NLR\auth\661487107
686 _aТ3(54)63-5
686 _aФ3(54)4
686 _aФ5
700 1 _aСевастьянов
_bС. В.
_gСергей Витальевич
_4070
801 0 _aRU
_bNLR
_c20090811
_gRCR
801 1 _aRU
_bNLR
_c20090811
830 _aавт. по кн.
942 _cBOOK
980 _aNB